[Event "CRO-ch"]
[Site "Zagreb"]
[Date "2002.11.28"]
[Round "5"]
[White "Simon, Jozef"]
[Black "Jadrijevic, Ante"]
[Result "1/2-1/2"]
[WhiteElo "2170"]
[BlackElo "2287"]
[PlyCount "41"]
[EventDate "2002.11.24"]
[EventType "swiss"]
[EventRounds "9"]
[EventCountry "CRO"]
[SourceTitle "CBM 091 Extra"]
[Source "ChessBase"]
[SourceDate "2003.01.09"]
[SourceVersion "1"]
[SourceVersionDate "2003.01.09"]
[SourceQuality "1"]

1. c4 c6 2. Nc3 d5 3. d4 Nf6 4. Nf3 dxc4 5. a4 Bf5 6. Ne5 Nbd7 7. Nxc4 Qc7 8. g3 e5 9. dxe5 Nxe5 10. Bf4 Nfd7 11. Bg2 g5 12. Ne3 gxf4 13. Nxf5 0-0-0 14. Qc2 Nc5 15. 0-0 Ne6 16. Rfd1 Bc5 17. Ne4 Bb4 18. Qb3 a5 19. Rac1 Rxd1+ 20. Rxd1 Rd8 21. Qc2 1/2-1/2